By the Numbers #41 - Statistics

General Stats
  • This quiz has been taken 45 times
  • The average score is 11 of 20
Answer Stats
Hint Explanation Answer % Correct
Number of days in December 31
94%
A dozen plus a baker’s dozen … times a couple One dozen = 12
A baker’s dozen = 13
A couple = 2

(12 + 13) * 2

25 * 2
50
91%
Number of sovereign states whose English language JetPunk name begins with “Q” Qatar 1
88%
III * XX The Roman numeral III is equivalent to 3, using Arabic numerals.
The Roman numeral XX is equivalent to 20 in Arabic numerals.

3 * 20 = 60
60
88%
Number of U.S. states with a name that starts with “Y” 0
84%
1325 + 635 = x (13 + 25) + (6 + 35

(13 + 6) + (25 + 35)

19 + 55

19 + 1
20
84%
92 - 9 (9 * 9) - 9

81 - 3

78
78
81%
Number of U.S. states that border Mexico California, Arizona, New Mexico, Texas 4
69%
Number of nickels equivalent to 5 quarters 1 nickel = 5 cents
1 quarter = 25 cents

25 cents * 5 = 125 cents

125 cents &#247 5 = 25 nickels
25
66%
Number of capitals (of a sovereign state) whose English language name begins with “O” Oslo, Norway; Ottawa, Canada; Ouagadougou, Burkina Faso 3
59%
Atomic number of the element aluminum (UK: aluminium) 13
41%
Number of sides an icosihenagon has 21
41%
Number of the amendment to the U.S. Constitution that specifies that any law that increases or decreases the salary of members of Congress may take effect only after the next election of the House of Representatives has occurred 27
34%
Number of kids and counting in the title of the Duggar family’s reality TV show on the TLC network … at the time of its cancellation Hayes, B., Wilcher, D., Streb, K. (Executive producers). (2008-2015). 19 kids and counting. [TV series]. Figure 8 Films. 19
31%
Number of U.S. states admitted to the Union between 1800 and 1820, inclusive 1803. Ohio
1812. Louisiana
1816. Indiana
1817. Mississippi
1818. Illinois
1819. Alabama
1820. Maine
7
31%
Clarendon Street address of the John Hancock Tower in Boston 200
28%
Number of maniacs in the title of the 2005 U.S. comedy horror film starring Robert Englund and Lin Shaye Sullivan, Tim (Director). (2005). 2001 maniacs [Film]. Raw Nerve; Velvet Steamroller. 2001
28%
January date of the last day of Christmas in the Lutheran liturgical calendar 5
28%
Wistful Vista address of Fibber McGee and Molly on their long running radio comedy show Fibber McGee and Molly. NBC. WMAQ AM Chicago, 1935-1959. [Radio broadcast]. 79
28%
In the KJV, the number of the commandment that prohibits covetousness Exodus 20:17 10
25%
No matching quizzes found
Score Distribution
Percent of People with Each Score
Percentile by Number Answered
Your Score History
You have not taken this quiz